Kluby Jupiler League 2025/26 - nagła śmierć - Statystyki

Ogólne statystyki
  • Ten quiz został rozwiązany 40 razy
  • Średni wynik to 8 z 16
Answers on the Grid
Answers color-coded by a green-red scale on the quiz's grid according to % correct below.
SV Zulte Waregem
KSC Lokeren-Temse
KAS Eupen
RSC Anderlecht
Cercle Brugge
RFC Liège
FCV Dender EH
Oud-Heverlee Leuven
KV Oostende
Royale Union Saint-Gilloise
Sint-Truidense VV
Royal Excel Mouscron
KAA Gent
KRC Genk
Standard Liège
KV Kortrijk
Beerschot VA
Royal Antwerp FC
Club Brugge
Lierse SK
KVC Westerlo
SK Beveren
RAAL La Louvière
KV Mechelen
Royal Charleroi
RWD Molenbeek
 
Statystyki odpowiedzi
Odpowiedź % Poprawnych
RSC Anderlecht
79%
Cercle Brugge
74%
Club Brugge
68%
KRC Genk
68%
Royal Antwerp FC
68%
Royale Union Saint-Gilloise
68%
KAA Gent
65%
Royal Charleroi
65%
Standard Liège
59%
KV Mechelen
50%
KVC Westerlo
41%
SV Zulte Waregem
41%
FCV Dender EH
24%
Oud-Heverlee Leuven
18%
Sint-Truidense VV
15%
RAAL La Louvière
12%
Nie znaleziono quizów pasujących do podanych kryteriów
Rozkład punktacji
Procent ludzi z każdym wynikiem
Percentyl według liczby udzielonych odpowiedzi
Twoja historia wyników
Nie rozwiązałeś tego quizu